<?xml version="1.0" encoding="UTF-8"?><?xml-stylesheet type="text/xsl" href="static/style.xsl"?><OAI-PMH xmlns="http://www.openarchives.org/OAI/2.0/" xmlns:xsi="http://www.w3.org/2001/XMLSchema-instance" xsi:schemaLocation="http://www.openarchives.org/OAI/2.0/ http://www.openarchives.org/OAI/2.0/OAI-PMH.xsd"><responseDate>2026-06-06T02:44:44Z</responseDate><request verb="GetRecord" identifier="oai:riuma.uma.es:10630/12053" metadataPrefix="marc">https://riuma.uma.es/rest/oai/request</request><GetRecord><record><header><identifier>oai:riuma.uma.es:10630/12053</identifier><datestamp>2026-02-03T12:21:31Z</datestamp><setSpec>com_10630_2254</setSpec><setSpec>col_10630_37959</setSpec></header><metadata><record xmlns="http://www.loc.gov/MARC21/slim" xmlns:dcterms="http://purl.org/dc/terms/" xmlns:doc="http://www.lyncode.com/xoai" xmlns:xsi="http://www.w3.org/2001/XMLSchema-instance" xsi:schemaLocation="http://www.loc.gov/MARC21/slim http://www.loc.gov/standards/marcxml/schema/MARC21slim.xsd">
   <leader>00925njm 22002777a 4500</leader>
   <datafield ind2=" " ind1=" " tag="042">
      <subfield code="a">dc</subfield>
   </datafield>
   <datafield ind2=" " ind1=" " tag="720">
      <subfield code="a">Flores Martín, Amanda</subfield>
      <subfield code="e">author</subfield>
   </datafield>
   <datafield ind2=" " ind1=" " tag="720">
      <subfield code="a">Cobos-Cano, Pedro Luis</subfield>
      <subfield code="e">author</subfield>
   </datafield>
   <datafield ind2=" " ind1=" " tag="720">
      <subfield code="a">López-Gutiérrez, Francisco José</subfield>
      <subfield code="e">author</subfield>
   </datafield>
   <datafield ind2=" " ind1=" " tag="720">
      <subfield code="a">Vervliet, Bram</subfield>
      <subfield code="e">author</subfield>
   </datafield>
   <datafield ind2=" " ind1=" " tag="260">
      <subfield code="c">2016-09-20</subfield>
   </datafield>
   <datafield ind2=" " ind1=" " tag="520">
      <subfield code="a">Many mental disorders are characterised by the presence of compulsions and incontrollable habits. Most studies on habit learning, both in animals and in humans, are based on positive reinforcement paradigms. However, the compulsions and habits involved in some mental disorders may be better understood as avoidance behaviours, which involve some peculiarities, such as anxiety states, that have been shown to promote habitual responses. Consequently, we studied habit acquisition by using a free-operant discriminated avoidance procedure. Furthermore, we checked whether intolerance of uncertainty could predispose to avoidance habit acquisition. Participants learned to avoid an aversive noise presented either to the right or to the left ear by pressing two different keys. After a devaluation phase where the volume of the noise presented to one of the ears was reduced, participants went through a test phase identical to the avoidance learning phase except for the fact that the noise was never administered. Habit acquisition was inferred by comparing the rate of responses to the stimulus signalling the devalued reinforcer and to the stimulus signalling the non-devalued reinforcer. The results showed that intolerance of uncertainty was related to the absence of differences between the referred conditions, which entail avoidance habit acquisition.</subfield>
   </datafield>
   <datafield ind1="8" ind2=" " tag="024">
      <subfield code="a">http://hdl.handle.net/10630/12053</subfield>
   </datafield>
   <datafield ind1="8" ind2=" " tag="024">
      <subfield code="a">http://orcid.org/0000-0003-3884-4025</subfield>
   </datafield>
   <datafield tag="653" ind2=" " ind1=" ">
      <subfield code="a">Hábitos</subfield>
   </datafield>
   <datafield ind2="0" ind1="0" tag="245">
      <subfield code="a">Intolerance of uncertainty predisposes to avoidance habit acquisition</subfield>
   </datafield>
</record>
</metadata></record></GetRecord></OAI-PMH>